书目信息 |
| 题名: |
广告创意设计
|
|
| 作者: | 马青 编著 ;徐科技 编著 | |
| 分册: | ||
| 出版信息: | 杭州 浙江大学出版社 2007.05 |
|
| 页数: | 307页 | |
| 开本: | 23cm | |
| 丛书名: | ||
| 单 册: | ||
| 中图分类: | J524.3 | |
| 科图分类: | ||
| 主题词: | 广告--guang gao--设计 | |
| 电子资源: | ||
| ISBN: | 978-7-308-05217-7 | |
| 000 | 00917nam0 2200265 450 | |
| 001 | 012008720394 | |
| 005 | 20080626095725.58 | |
| 010 | @a978-7-308-05217-7@dCNY30.00 | |
| 100 | @a20080626d2007 em y0chiy0120 ea | |
| 101 | 0 | @achi |
| 102 | @aCN@b330000 | |
| 105 | @aa a 000yy | |
| 106 | @ar | |
| 200 | 1 | @a广告创意设计@Aguang gao chuang yi she ji@d= AD creative design@f马青, 徐科技编著@Fma qing,xu ke ji bian zhu@zeng |
| 210 | @a杭州@c浙江大学出版社@d2007.05 | |
| 215 | @a307页@c图@d23cm | |
| 320 | @a有书目 (第305页) | |
| 330 | @a本教材收录了大量的国内外经典的广告设计作品,既有许多简明、写实、富有艺术感染力的广告范例,又有生动、通俗的文字讲解,涵盖知识面广。 | |
| 510 | 1 | @aAD creative design@zeng |
| 606 | 0 | @a广告@Aguang gao@x设计 |
| 690 | @aJ524.3@v4 | |
| 701 | 0 | @a马青@Ama qing@4编著 |
| 711 | 02 | @a徐科技@Axu ke ji@4编著 |
| 801 | 0 | @aCN@bQSSK@c20080626 |
| 905 | @b729758-60@dJ524.3@eM133@f3 | |
| 广告创意设计= AD creative design/马青, 徐科技编著.-杭州:浙江大学出版社,2007.05 |
| 307页:图;23cm |
| ISBN 978-7-308-05217-7:CNY30.00 |
| 本教材收录了大量的国内外经典的广告设计作品,既有许多简明、写实、富有艺术感染力的广告范例,又有生动、通俗的文字讲解,涵盖知识面广。 |
| ● |
| 相关链接 |
|
|
|
正题名:广告创意设计
索取号:J524.3/M133
 
预约/预借
| 序号 | 登录号 | 条形码 | 馆藏地/架位号 | 状态 | 备注 |
| 1 | 729758 | 207297584 | 社科库309/309社科库 87排2列5层/ [索取号:J524.3/M133] | 在馆 | |
| 2 | 729759 | 207297593 | 社科库309/309社科库 87排2列5层/ [索取号:J524.3/M133] | 在馆 | |
| 3 | 729760 | 207297600 | 社科库309/309社科库 87排2列5层/ [索取号:J524.3/M133] | 在馆 |